000 01797cam a22004814i 4500
003 PE-LiUPU
005 20250731173531.0
008 150616s r 000 0 d
020 _a0801063019
035 _a(Sirsi) i9780801063015
040 _aPE-LiUPU
_bspa
_cPE-LiUPU
_erda
049 _aPRUA
082 0 4 _a254
_bM19P
_221
100 1 _aMalphurs, Aubrey,
_eautor.
245 1 0 _aPouring New Wine Into Old Wineskins /
_cAubrey Malphurs.
264 1 _aGrand Rapids, Michigan :
_bBaker Books,
_c1996.
300 _a212 páginas ;
_c22 centímetros
336 _atext
_2rdacontent
337 _aunmediated
_2rdamedia
338 _avolume
_2rdacarrier
504 _aIncluye bibliografía.
505 0 _aThe problem of change: leading churches to see the need for change.- The personnel for change: finding the right leaders for change.- The practice of change: leading established churches through the process of change.- The product of change: seeing established churches reach their goal of change.
526 _aSEG42
526 _aSEG41
526 _aSEG40
526 _aSEG39
526 _aP94
526 _aP87
526 _aP86
526 _aP85
526 _aP77
526 _aP76
526 _aP35
650 0 4 _aAdministración de iglesias.
650 0 4 _aCambio
_xCristianismo.
910 _ajck
_bjvq
_cjck
942 _2ddc
_cBOOK
949 _a254 M19P
_wDEWEY
_c1
_i42292
_lCCODEBUL1
_mBUL
_r0
_sY
_tBOOK
_u2015-6-16
_xTEOLOGIA
_zUNKNOWN
_0COMPRA
_o.STAFF. Colección General
994 _aC0
_bPEPRU
596 _a1
999 _a254 M19P
_wDEWEY
_c60123
_i42292
_f2021-11-10
_g5
_lCCODEBUL1
_mBUL
_r0
_sY
_tBOOK
_u2015-6-16
_xTEOLOGIA
_zUNKNOWN
_0COMPRA
_o.STAFF. Colección General
_d60123
980 _81
_gALBERTO SANCHEZ Responsable de Automatización